000 00438nam a2200193Ia 4500
008 210210b1951 xxu||||| |||| 00| 0 eng d
041 _aeng
082 _a370/15
100 _aEDUCATIONAL COMMISSION
245 _aEducation for all American youth
260 _aWashington
_b-
_c1951
650 _ayouth
650 _afor
650 _aEducation
650 _aAmerican
650 _aall
690 _aEducation
906 _a004955
999 _c128599
_d128599